Statistics for Top 10 Most Forested Countries in Asia

Click here to take the quiz!

General Stats

  • This quiz has been taken 10,574 times
  • The average score is 7 of 10

Answer Stats

% Country % Correct
47.63Indonesia
91%
44.60Vietnam
88%
79.23Laos
85%
52.24Cambodia
84%
67.09Malaysia
82%
66.04Japan
76%
71.75Bhutan
62%
61.71South Korea
61%
65.92Brunei
55%
46.12East Timor
52%

Score Distribution

Percentile by Number Answered

Percent of People with Each Score

Your Score History

You have not taken this quiz